Villes des films/séries célèbres - Clic quiz - Statistiques

Statistiques générales
  • Ce quiz a été pris 366 fois
  • Le résultat moyen est 13 sur 20
Statistiques - réponses
Hint Réponse % Correct
Ratatouille Paris
92%
Batman Gotham
89%
Taxi Marseille
89%
Les Simpson Springfield
88%
Friends New York
83%
Very Bad Trip Las Vegas
81%
Bienvenue chez les Ch’tis Bergues
78%
Peaky Blinders Birmingham
78%
Narcos Medellin
72%
Superman Smallville
69%
L’Horloger de Saint-Paul Lyon
66%
Breaking Bad Albuquerque
62%
8 Mile Détroit
60%
Grey's Anatomy Seattle
60%
Game of Thrones Port-Réal
58%
Strangers Things Hawkins
56%
The Big Lebowski Los Angeles
39%
The Office Scranton
34%
The Sopranos Newark
23%
Sons of Anarchy Charming
18%
Aucun quiz correspondant
Distribution des résultats
% des personnes avec chaque résultat
Percentile par nombre de réponses
Votre historique - résultats
Vous n’avez pas pris ce quiz